Central Library OPAC University of Rajshahi

Pest management in field cropes : (Record no. 37440)

MARC details
000 -LEADER
fixed length control field 00696nam a2200229 4500
001 - CONTROL NUMBER
control field 37440
003 - CONTROL NUMBER IDENTIFIER
rucl marc code BD-RjUL
005 - DATE AND TIME OF LATEST TRANSACTION
control field 20211209052617.0
008 - FIXED-LENGTH DATA ELEMENTS--GENERAL INFORMATION
fixed length control field 150117s2008 ii a|||| |||| 00| 0 eng d
020 ## - INTERNATIONAL STANDARD BOOK NUMBER
International Standard Book Number 8177543210
035 ## - SYSTEM CONTROL NUMBER
System control number (BD-RjUL)37544
040 ## - CATALOGING SOURCE
Original cataloging agency BD-RjUL
Language of cataloging eng
Transcribing agency BD-RjUL
Modifying agency BD-RjUL
041 ## - LANGUAGE CODE
Language code of text/sound track or separate title eng
082 ## - DEWEY DECIMAL CLASSIFICATION NUMBER
Edition number 21
Classification number 632.9
Author mark and year MAP 2008
100 ## - MAIN ENTRY--PERSONAL NAME
Personal name Manisegaran, S.
9 (RLIN) 114951
245 ## - TITLE STATEMENT
Title Pest management in field cropes :
Remainder of title principles and practices /
Statement of responsibility, etc. S. Manisegaran and R. P. Soundarajan
260 ## - PUBLICATION, DISTRIBUTION, ETC. (IMPRINT)
Place of publication, distribution, etc. Jodhpur :
Name of publisher, distributor, etc. Agrobios,
Date of publication, distribution, etc. 2008.
300 ## - PHYSICAL DESCRIPTION
Pagination xiv, 302 p. :
Illustrations ill. ;
Size 25 cm.
650 ## - SUBJECT ADDED ENTRY--TOPICAL TERM
Topical term or geographic name as entry element Pests
General subdivision Control.
9 (RLIN) 114952
700 ## - ADDED ENTRY--PERSONAL NAME
Personal name Soundarajan, R. P.
942 ## - ADDED ENTRY ELEMENTS (KOHA)
Source of classification or shelving scheme Dewey Decimal Classification
Koha item type Books
Holdings
Lost status Source of classification or shelving scheme Damaged status Not for loan Collection code Permanent Location Current Location Shelving location Date acquired Cost, normal purchase price Total Checkouts Full call number Date last seen Copy number Koha item type
  Dewey Decimal Classification   Not For Loan Non-fiction Institute of Biological Sciences (IBSc) Library Institute of Biological Sciences (IBSc) Library   17/01/2015 2240.00   632.9 MAP 2008 17/01/2015 C-1 Books